| 000 | 00341nam a2200121Ia 4500 | ||
|---|---|---|---|
| 008 | 150201s2013 xx 000 0 und d | ||
| 082 |
_a620.3222 _bSIN |
||
| 100 | _aSingh,V.P | ||
| 245 | _aMechanical vibration : mechanical engineering : a modern approach | ||
| 260 |
_bDhanpat Rai & Co. _aN. Delhi _c2013 |
||
| 300 | _aVp. | ||
| 942 |
_2ddc _cBK _06 |
||
| 999 |
_c5550 _d5550 |
||